| 000 | 00715nam a22002297a 4500 | ||
|---|---|---|---|
| 999 |
_c9264 _d9264 |
||
| 003 | AR-CdUCM | ||
| 008 | 190327b ||||| |||| 00| 0 spa d | ||
| 020 | _a91-21-15201-2 | ||
| 040 |
_aMUNICIPALIDAD PROVINCIAL DEL CUSCO _cBIBLIOTECA MUNICIPAL DEL CUSCO |
||
| 041 | _hdin | ||
| 082 |
_a435 / _bR99 |
||
| 100 |
_aRydén, Kerstin _925356 |
||
| 245 | _aModern tysk grammatik / | ||
| 260 |
_aDinamarca : _bAlmqvist & wiksell, _c1995. |
||
| 300 |
_a211 páginas : _c24 cm. |
||
| 505 | _aSustantivo -- Uso de los artículos -- Pronombres -- Adjetivo ... | ||
| 650 |
_aGramática alemana _925357 |
||
| 700 |
_aWengse, Ingemar _925358 |
||
| 700 |
_aWistam, Anne Louise _925359 |
||
| 942 |
_2ddc _cLIBROS |
||
| 945 | _aacv | ||